[Event "Alzira op 4th"]
[Site "Alzira"]
[Date "2014.12.30"]
[Round "7"]
[White "Ull Molina, Daniel"]
[Black "Albuixec Sanz, Jorge"]
[Result "1-0"]
[WhiteElo "1642"]
[BlackElo "1860"]
[PlyCount "69"]
[EventDate "2014.12.27"]
[EventType "swiss"]
[EventRounds "7"]
[EventCountry "ESP"]
[SourceTitle "CBM 164 Extra"]
[Source "ChessBase"]
[SourceDate "2015.03.02"]
[SourceVersion "1"]
[SourceVersionDate "2015.03.02"]
[SourceQuality "1"]

1. e4 e5 2. Nf3 Nc6 3. Bb5 a6 4. Ba4 Nf6 5. d3 b5 6. Bb3 Be7 7. 0-0 0-0 8. c3 d6 9. h3 Na5 10. Bc2 c5 11. d4 Qc7 12. Re1 Re8 13. Nbd2 Bd7 14. Nb3 Nxb3 15. Bxb3 c4 16. Bc2 a5 17. d5 Qd8 18. Nh2 h6 19. f4 b4 20. f5 Rb8 21. Bd2 b3 22. axb3 cxb3 23. Bd3 a4 24. Ra3 Bf8 25. Ng4 Nh7 26. Qf3 Qh4 27. Rf1 Ng5 28. Qe3 f6 29. Be2 Nh7 30. Qa7 Red8 31. Kh2 Kh8 32. Nxh6 gxh6 33. Bg4 h5 34. g3 hxg4 35. gxh4 1-0

[Event "Alzira op 4th"]
[Site "Alzira"]
[Date "2014.12.29"]
[Round "6"]
[White "Carbonell Sancho, Marc"]
[Black "Ull Molina, Daniel"]
[Result "0-1"]
[WhiteElo "1824"]
[BlackElo "1642"]
[PlyCount "54"]
[EventDate "2014.12.27"]
[EventType "swiss"]
[EventRounds "7"]
[EventCountry "ESP"]
[SourceTitle "CBM 164 Extra"]
[Source "ChessBase"]
[SourceDate "2015.03.02"]
[SourceVersion "1"]
[SourceVersionDate "2015.03.02"]
[SourceQuality "1"]

1. e4 e5 2. Nf3 d6 3. d4 Nc6 4. Bc4 Bg4 5. h3 Bh5 6. c3 Nf6 7. Bg5 Be7 8. d5 Na5 9. Bd3 b6 10. Bb5+ Nd7 11. Bxe7 Qxe7 12. Qa4 a6 13. Bc6 Nxc6 14. Qxc6 Rc8 15. Nbd2 0-0 16. 0-0 Nc5 17. b4 Bxf3 18. bxc5 Bxg2 19. Kxg2 Qg5+ 20. Kh2 Qxd2 21. cxb6 cxb6 22. Qxd6 Qf4+ 23. Kg1 Rxc3 24. Kg2 Qf3+ 25. Kg1 Qxh3 26. Rfe1 Qg4+ 27. Kf1 Rh3 0-1

[Event "Alzira-ch Provincial Primera"]
[Site "Alzira"]
[Date "2014.11.22"]
[Round "7.3"]
[White "Perez Mas, Jose Manuel"]
[Black "Ull Molina, Daniel"]
[Result "1-0"]
[WhiteElo "1825"]
[BlackElo "1625"]
[PlyCount "65"]
[EventDate "2014.09.27"]
[EventType "swiss"]
[EventRounds "7"]
[EventCountry "ESP"]
[SourceTitle "EXT 2024"]
[Source "ChessBase"]
[SourceDate "2023.10.10"]
[SourceVersion "1"]
[SourceVersionDate "2023.10.10"]
[SourceQuality "1"]

1. d4 Nf6 2. c4 d6 3. Nc3 g6 4. e4 Bg7 5. f3 0-0 6. Nge2 e5 7. Bg5 h6 8. Be3 Nc6 9. d5 Ne7 10. Qd2 Kh7 11. g4 Nd7 12. Ng3 Nb6 13. h4 Bd7 14. Bd3 Na4 15. 0-0-0 Nxc3 16. Qxc3 c5 17. Qd2 b5 18. cxb5 Rb8 19. Rdg1 Bxb5 20. Bb1 Nc8 21. Bxh6 Rh8 22. Be3 f6 23. g5 Nb6 24. h5 Nc4 25. hxg6+ Kxg6 26. Qf2 Kf7 27. g6+ Kf8 28. Rxh8+ Bxh8 29. Bh6+ Bg7 30. Bxg7+ Kxg7 31. Nf5+ Kg8 32. Qh4 Rb7 33. Rh1 1-0

[Event "Alzira-ch Provincial Primera"]
[Site "Alzira"]
[Date "2013.10.05"]
[Round "1"]
[White "Ull Molina, Daniel"]
[Black "Albuixec Sanz, Jorge"]
[Result "1/2-1/2"]
[WhiteElo "1611"]
[BlackElo "1868"]
[PlyCount "89"]
[EventDate "2013.10.05"]
[EventType "swiss"]
[EventRounds "7"]
[EventCountry "ESP"]
[SourceTitle "EXT 2016"]
[Source "ChessBase"]
[SourceDate "2015.10.08"]
[SourceVersion "1"]
[SourceVersionDate "2015.10.08"]
[SourceQuality "1"]

1. e4 e5 2. Nf3 Nc6 3. c3 Nf6 4. d3 Be7 5. Be2 0-0 6. 0-0 d5 7. Nbd2 Re8 8. exd5 Nxd5 9. Ne4 f5 10. Ng3 Be6 11. Qc2 Nf4 12. Re1 Bd6 13. Bf1 Qf6 14. b4 Bd5 15. Nd2 h5 16. b5 Nd8 17. c4 h4 18. cxd5 hxg3 19. Nf3 gxh2+ 20. Nxh2 Nf7 21. g3 Nxd5 22. Bg2 Nb4 23. Qd2 c6 24. a3 Nd5 25. bxc6 bxc6 26. Bb2 Qg5 27. Qa5 Rac8 28. Bxd5 cxd5 29. Qxd5 Rc2 30. Bc1 Qf6 31. Be3 f4 32. Bxf4 Bc5 33. Ng4 Qf5 34. Qf3 g5 35. Qd1 Rc3 36. Bxe5 Rxd3 37. Qb1 Rxe5 38. Rxe5 Rxg3+ 39. Kf1 Rg1+ 40. Kxg1 Qxg4+ 41. Kf1 Qh3+ 42. Ke2 Qg4+ 43. Kf1 Qh3+ 44. Ke2 Qg4+ 45. Kf1 1/2-1/2

[Event "Provincial-ch Xativa Primera"]
[Site "Xativa"]
[Date "2012.11.17"]
[Round "6"]
[White "Ivorra Insa, Eusebio J"]
[Black "Ull Molina, Daniel"]
[Result "0-1"]
[WhiteElo "1732"]
[BlackElo "1580"]
[PlyCount "58"]
[EventDate "2012.10.06"]
[EventType "swiss"]
[EventRounds "7"]
[EventCountry "ESP"]
[SourceTitle "EXT 2024"]
[Source "ChessBase"]
[SourceDate "2023.10.10"]
[SourceVersion "1"]
[SourceVersionDate "2023.10.10"]
[SourceQuality "1"]

1. e4 d5 2. exd5 Qxd5 3. Nc3 Qa5 4. g3 Nf6 5. Bg2 c6 6. Nge2 Bg4 7. h3 Bh5 8. d3 Nbd7 9. Bd2 Qc7 10. d4 e6 11. Bf4 Bd6 12. Qd2 Nd5 13. Nxd5 cxd5 14. Bxd6 Qxd6 15. Qg5 Qb4+ 16. c3 Qxb2 17. Qxh5 Qxa1+ 18. Kd2 Qxa2+ 19. Kd3 Nb6 20. Nf4 Qa6+ 21. Ke3 Nc4+ 22. Kf3 Rc8 23. Re1 0-0 24. Bf1 Nd2+ 25. Kg2 Nxf1 26. Rxf1 Rxc3 27. Qg5 Qa4 28. Nh5 Qxd4 29. Re1 h6 0-1

[Event "Provincial-ch Xativa Primera"]
[Site "Xativa"]
[Date "2012.10.06"]
[Round "1"]
[White "Albuixec Sanz, Jorge"]
[Black "Ull Molina, Daniel"]
[Result "1-0"]
[WhiteElo "1868"]
[BlackElo "1580"]
[PlyCount "87"]
[EventDate "2012.10.06"]
[EventType "swiss"]
[EventRounds "7"]
[EventCountry "ESP"]
[SourceTitle "EXT 2024"]
[Source "ChessBase"]
[SourceDate "2023.10.10"]
[SourceVersion "1"]
[SourceVersionDate "2023.10.10"]
[SourceQuality "1"]

1. e4 e5 2. Nf3 Nc6 3. Bc4 d6 4. d4 Bg4 5. c3 Nf6 6. d5 Ne7 7. Nbd2 Ng6 8. h3 Bd7 9. Qc2 Be7 10. Nf1 b5 11. Bd3 c5 12. Ng3 c4 13. Be2 0-0 14. Be3 h6 15. Qd2 Kh7 16. Nh2 Nh4 17. Rg1 a5 18. Ng4 Ng6 19. Nxf6+ Bxf6 20. Bg4 Qc8 21. Nf5 Ra6 22. Qe2 Ne7 23. Nxe7 Bxe7 24. Bxd7 Qxd7 25. g4 g6 26. 0-0-0 Qc7 27. Rdf1 b4 28. Bd2 bxc3 29. Bxc3 Bg5+ 30. Kb1 a4 31. a3 Rb8 32. f4 Bxf4 33. Rxf4 exf4 34. Rd1 Qc5 35. Ka2 Qb5 36. Re1 Rab6 37. Qf2 g5 38. Qd4 Rg8 39. Qf6 Qd7 40. e5 Rg6 41. e6 Qe8 42. exf7 Qf8 43. Qe7 Qb8 44. f8Q+ 1-0

[Event "Mislata-B 45th"]
[Site "Mislata"]
[Date "2011.08.19"]
[Round "7"]
[White "Ull Molina, Daniel"]
[Black "Pons Lopez, Joan"]
[Result "0-1"]
[WhiteElo "1582"]
[BlackElo "1612"]
[PlyCount "138"]
[EventDate "2011.08.15"]
[EventType "tourn"]
[EventRounds "9"]
[EventCountry "ESP"]
[SourceTitle "EXT 2014"]
[Source "ChessBase"]
[SourceDate "2013.11.20"]
[SourceVersion "1"]
[SourceVersionDate "2013.11.20"]
[SourceQuality "1"]

1. d4 Nf6 2. c4 e5 3. Nf3 exd4 4. Nxd4 Bb4+ 5. Bd2 Bxd2+ 6. Qxd2 0-0 7. Nc3 d5 8. e3 c5 9. Nb3 dxc4 10. Qxd8 Rxd8 11. Nxc5 b6 12. N5e4 Nxe4 13. Nxe4 Bf5 14. f3 Bxe4 15. fxe4 Na6 16. Bxc4 Nb4 17. Ke2 Rac8 18. Rac1 Kf8 19. a3 Nc6 20. Rc2 b5 21. Bd3 Ne5 22. Rxc8 Rxc8 23. Rd1 Nxd3 24. Rxd3 Ke7 25. Kd2 Rc6 26. Rb3 Rd6+ 27. Rd3 Rg6 28. g3 Rh6 29. h4 Rf6 30. Ke2 Rg6 31. Kf3 Rf6+ 32. Kg2 Rd6 33. Rd5 a6 34. Kf3 Rc6 35. Ke2 Rc2+ 36. Rd2 Rc4 37. Kd3 Rc6 38. Rc2 Rd6+ 39. Ke2 Kd7 40. b3 Rg6 41. Kf3 Rf6+ 42. Kg2 Re6 43. Rd2+ Rd6 44. Rxd6+ Kxd6 45. b4 h5 46. Kf2 Ke5 47. Kf3 g6 48. g4 f6 49. gxh5 gxh5 50. Kg3 Kxe4 51. Kf2 f5 52. Ke2 f4 53. exf4 Kxf4 54. Kd3 Kg4 55. Kd4 Kxh4 56. Kc5 Kg4 57. Kb6 h4 58. Kxa6 h3 59. Kxb5 h2 60. Ka6 h1Q 61. a4 Qe4 62. Ka5 Qa8+ 63. Kb5 Kf5 64. a5 Qb7+ 65. Kc5 Ke5 66. b5 Qc7+ 67. Kb4 Kd4 68. a6 Qc3+ 69. Ka4 Kc5 0-1

[Event "Mislata-B 45th"]
[Site "Mislata"]
[Date "2011.08.16"]
[Round "2"]
[White "Ull Molina, Daniel"]
[Black "Fernandez Garcia, Olmo"]
[Result "1/2-1/2"]
[WhiteElo "1582"]
[BlackElo "1677"]
[PlyCount "87"]
[EventDate "2011.08.15"]
[EventType "tourn"]
[EventRounds "9"]
[EventCountry "ESP"]
[SourceTitle "EXT 2014"]
[Source "ChessBase"]
[SourceDate "2013.11.20"]
[SourceVersion "1"]
[SourceVersionDate "2013.11.20"]
[SourceQuality "1"]

1. d4 d5 2. c4 c6 3. Nf3 Nf6 4. Nc3 a6 5. e3 Bf5 6. Be2 h6 7. 0-0 e6 8. Nd2 Nbd7 9. f3 Be7 10. e4 Bg6 11. cxd5 cxd5 12. exd5 exd5 13. Qb3 Qb6 14. Qxb6 Nxb6 15. Nb3 Nc4 16. Bxc4 dxc4 17. Nc5 b6 18. N5e4 Rd8 19. Be3 b5 20. Rfd1 Nd5 21. Nxd5 Rxd5 22. Nc3 Rd7 23. Ne4 0-0 24. Nc5 Bxc5 25. dxc5 Rfd8 26. Rxd7 Rxd7 27. Bf4 Bf5 28. Bd6 f6 29. Re1 Kf7 30. Kf2 Be6 31. a3 Bd5 32. Ke3 Bc6 33. Kd4 g6 34. Kc3 a5 35. Kd4 h5 36. Ke3 Bb7 37. h4 Bc6 38. g4 Bb7 39. Kf4 Bc6 40. Re3 Bd5 41. gxh5 gxh5 42. Kf5 Ra7 43. Kf4 Rd7 44. Kg3 1/2-1/2